| 000 | 00463nam a2200181Ia 4500 | ||
|---|---|---|---|
| 008 | 100921s9999 xx 000 0 und d | ||
| 082 |
_b18164 _a891.463 थ 81 |
||
| 100 | _aसाळोखे विलास. | ||
| 245 | _aबिंग. | ||
| 260 |
_b--- _c1981 |
||
| 300 |
_a110 _b--- |
||
| 365 | _b12.5 | ||
| 520 | _aललित-कथा. | ||
| 630 | _aबिंग. | ||
| 650 | _aललित-कथा. | ||
| 730 | _aबिंग. | ||
| 942 | _cBOOK | ||
| 999 |
_c767277 _d767274 |
||